MDQL
is popping MORE tags! Check the
thread
!
Quizzes
Events
Quiz Creation
Community
Videos
Private Events
Remove Ads
Sign In
Join for FREE
Feedback
Dark Mode
Quiz Categories
Sports
Geography
Music
Movies
Television
Just For Fun
Miscellaneous
History
Literature
Language
Science
Gaming
Entertainment
Religion
Holiday
For Kids
Quiz Lab
Recent
Popular Today
Quiz Kudos Today
Editor Picks
Curator Picks
Quizzes by...
Day
Popularity
Type
Ratings
Length
Year
Community
Subscriptions
Recent Discussions
Orange Saloon
Badges
Playlists
Quests
Create
Leaderboards
Showdown
Live 5
Trivia Bingo
Activity
Puzzle Library
Sporcle Events
Private Events
Virtual Trivia
Globe League
Become a Host
Pub Owners
SporcleCon
Opinionation
Our Games
Videos
Blog
Mobile Apps
Partnerships
Remove Ads and Go Orange
Feedback
Geography
Country
Landmarks
City
State
Population
World
Capital
Continent
Flags
Europe
Africa
Asia
South America
North America
Oceania
Border
Canada
United Kingdom
Topography
United States
Geography
Country
Landmarks
City
State
Population
World
Capital
Continent
Flags
Europe
Africa
Asia
South America
North America
Oceania
Border
Canada
United Kingdom
Topography
United States
Random Quiz
Search Sporcle
×
Quiz Lab
Quiz Lab
Geography
east
Type in answers that appear in a list
Type in answers that appear in a list
Classic
Best Score? Go Orange.
Villages of east West-Friesland Stats
Can you name the villages of east West-Friesland in Dutch?
By
mitchellhoi
5m
28 Questions
85 Plays
85 Plays
85 Plays
Comments
Comments
Give Quiz Kudos
Give Quiz Kudos
-
- Ratings
hide this ad
Replay
Link that replays current quiz
Next Quiz
Link to next quiz in quiz playlist
You Got
0%
They Got
Avg Score
41%
Avg Friend Score
Upgrade to see
Score Distribution
Jump to the score distribution portion of the page
Score
0/28
Timer
05:00
0
Plays Today
Nr.
Villages
% Correct
1.
Hoorn
100%
2.
Enkhuizen
91.7%
5.
Medemblik
69%
3.
Bovenkarspel
60.7%
4.
Grootebroek
57.1%
7.
Andijk
57.1%
6.
Hoogkarspel
52.4%
11.
Zwaag
46.4%
8.
Wervershoof
45.2%
14.
Lutjebroek
45.2%
9.
Blokker
44%
10.
Venhuizen
39.3%
12.
Nibbixwoud
39.3%
18.
Westwoud
36.9%
Nr.
Villages
% Correct
20.
Wijdenes
34.5%
13.
Midwoud
33.3%
15.
Opperdoes
33.3%
21.
Schellinkhout
33.3%
26.
Twisk
32.1%
17.
Hem
31%
16.
Onderdijk
29.8%
22.
Oostwoud
29.8%
24.
Hauwert
25%
27.
Oosterleek
23.8%
28.
Oosterdijk
19%
19.
Zwaagdijk-Oost
17.9%
25.
Zwaagdijk-West
16.7%
23.
Broekerhaven
10.7%
Quiz Playlist
Details
Report
Send in Message
Add To Playlist
Classic:
Type in answers that appear in a list
Last Updated: Feb 16, 2017
Quiz Scoreboard
CHALLENGE
Sign Up to Join the Scoreboard
Show All
Scores
Hide
Comments
May contain spoilers
Recently Published
Two Season TV Shows II
by 123Four
Television
10m
Image Sorting: Flags VI
by Barbecue
Geography
2m
Find the 'City' Movie
by crazypaving
Movies
60s
More to Explore
Quiz From the Vault
Featured Blog Post
14 Easter Pick-up Lines to Find Eggs With
hide this ad
You Might Also Like...
Tags
dutch
east
resident
Village
Today's Top Quizzes in Geography
Browse Geography
hide this ad
Today's Top Quizzes in east
Browse east
Top Contributed Quizzes in Geography
1
Colored Red Europe Blitz I
2
Countries of the World - No Outlines Minefield
3
Colored Red Africa Blitz II
4
Colored Red Europe Blitz II
5
Colored Red Europe Blitz III
6
Colored Red Africa Blitz III
7
Colored Red States Blitz I
8
Colored Red States Blitz II
9
Colored Red States Blitz III
10
A Different View: World Oceans
Explore More
Trending Topics
Anime
NBA
Crossword
Harry Potter
Marvel
Disney
Kpop
WWE
Song
NFL
Pokémon
The Office
Soccer
Puzzle
Country
hide this ad
More By:
mitchellhoi
Quiz
Plays
Rating
Category
Featured
Created
20 Most guessed right on U.S. States Quiz
5,702
2.86
Geography
Nov 12, 2009
Learning Dutch
3,589
3.98
Geography
Nov 29, 2009
36 Soccerclubs in the Netherlands
2,524
4.25
Sports
Oct 9, 2009
Biggest car companies
1,115
3.33
Miscellaneous
Nov 5, 2009
20 Least guessed right on U.S. States Quiz
1,103
4.00
Geography
Nov 13, 2009
Go to Creator's Profile
Score Distribution
Quiz Creator Spotlight
mitchellhoi
Follow
Send a Message
Quizzes Created
-
Created Quiz Play Count
-
More By This Creator
Popular Quizzes Today
1
Find the US States - No Outlines Minefield
2
Colored Red Africa Blitz
3
Find the 'City' Movie
4
5x2 Blitz: Bands
5
The Countries of the World
6
Find the Countries of Europe - No Outlines Minefield
7
Find the US States
8
US States
More Geography Quizzes
European Cities in Words
Published
Trending Quizzes
Colored Red Europe Blitz I
Colored Red Africa Blitz II
Colored Red Europe Blitz II
Colored Red Africa Blitz III
Colored Red Europe Blitz III
Recently Updated
How Do You Spell That?
pecheneg
Godzilla Movies
pecheneg
Grab Bag: 4-10 Letters
pecheneg
2024 March Madness Bracket
pecheneg
Famous TV Couples
Peacemaker
Champions League XIs: Real Madrid
pecheneg
Largest US Cities 1790-2010
pecheneg
Rides in Walt Disney World
pecheneg
Most Oscar Losses (Acting)
pecheneg
Beyoncé Albums
pecheneg
Trending Topics
Anime
Disney
Crossword
Marvel
Harry Potter
Kpop
NBA
Pokémon
WWE
Soccer
The Office
Puzzle
Country
NFL
Song
Your Account Isn't Verified!
In order to create a playlist on Sporcle, you need to verify the email address you used during registration. Go to your
Sporcle Settings
to finish the process.
Report this User
Report this user for behavior that violates our
Community Guidelines
.
Details:
Send Report
Go to the Sporcle.com Mobile Site →
Comments